| 000 | 00948nam0a2200301 4500 | ||
|---|---|---|---|
| 001 | RU\NLR\bibl\1404216 | ||
| 005 | 20250615205329.0 | ||
| 010 |
_a978-5-486-02841-0 _bв пер. _910000 |
||
| 021 |
_aRU _b2009-50326 _93088 |
||
| 035 | _a(nilc)RSL-KNO-004346490 | ||
| 035 | _a(NLR Aleph) 001396215 | ||
| 090 |
_a1193612 _c1193612 |
||
| 100 | _a20090619d2009 |||y0rusy50 ca | ||
| 101 | 1 |
_arus _ceng |
|
| 102 | _aRU | ||
| 105 | _ay zzzz||||| | ||
| 200 | 1 |
_aСеребряная ведьма _fС. Кэррол _g[пер. с англ. Ю. К. Рыбаковой] |
|
| 210 |
_aМосква _cМир книги _d2009 |
||
| 215 |
_a383 с. _d21 |
||
| 686 |
_aШ5(7США)62-644.5 _2rubbk |
||
| 686 | _aШ6(7США)67-442{Лх1979-51} | ||
| 700 | 1 |
_aКэррол _bС. _gСьюзен _4070 |
|
| 801 | 0 |
_aRU _bРКП _c20090619 _grcr |
|
| 801 | 1 |
_aRU _bРГБ _c20090619 |
|
| 801 | 2 |
_aRU _bNLR _c20090826 _grcr |
|
| 942 | _cBOOK | ||
| 980 | _aNB | ||